Logo

Description automatically generated
विद्यार्जन
 संसाधन केंद्र, भारतीय प्रौद्योगिकी संस्थान इन्दौर
Learning Resource Center, Indian Institute of Technology Indore

ऑनलाइन सार्वजनिक अभिगम प्रसूची
Online Public Access Catalogue (OPAC)

Countdown (Record no. 38851)

MARC details
000 -LEADER
fixed length control field 00469nam a2200169Ia 4500
005 - DATE AND TIME OF LATEST TRANSACTION
control field 20260611124911.0
008 - FIXED-LENGTH DATA ELEMENTS--GENERAL INFORMATION
fixed length control field 170504s2010||||xx |||||||||||||| ||und||
020 ## - INTERNATIONAL STANDARD BOOK NUMBER
International Standard Book Number 9780143068747
Qualifying information pbk
082 ## - DEWEY DECIMAL CLASSIFICATION NUMBER
Classification number 355.825117
Item number GHO
041 ## - LANGUAGE CODE
Language code of text/sound track or separate title eng
100 ## - MAIN ENTRY--PERSONAL NAME
Personal name Ghosh, Amitav
245 #0 - TITLE STATEMENT
Title Countdown
260 ## - PUBLICATION, DISTRIBUTION, ETC.
Place of publication, distribution, etc. Gurgaon
Name of publisher, distributor, etc. Penguin Books India ; Ravi Dayal Publishers
Date of publication, distribution, etc. 2010
300 ## - PHYSICAL DESCRIPTION
Extent 84p. ; 20 cm
650 ## - SUBJECT ADDED ENTRY--TOPICAL TERM
Topical term or geographic name entry element Public opinion ; India ; Nuclear weapons
942 ## - ADDED ENTRY ELEMENTS (KOHA)
Koha item type Book
Source of classification or shelving scheme Dewey Decimal Classification
Holdings
Withdrawn status Lost status Damaged status Not for loan Home library Current library Shelving location Date acquired Source of acquisition Total Checkouts Full call number Barcode Date last seen Price effective from Koha item type
        LRC, IIT Indore LRC, IIT Indore 3rd Floor - General Stack 22/03/2017 PO No. : PO_488; Vendor : Better Book Service, Delhi; Bill No. :BBS/160, dt.06.03.2017; Price : INR 199.00   355.825117 GHO 29659 04/05/2017 22/03/2017 Book
        LRC, IIT Indore LRC, IIT Indore 3rd Floor - General Stack 09/06/2026 Gratis Book Price: INR 150.00   355.825117 GHO G2392 15/06/2026 09/06/2026 Book
Copyright © 2017-2026 Indian Institute of Technology Indore. All Rights Reserved.
Managed & maintained by Learning Resource Center, IIT Indore